000 01902cam a22004214i 4500
003 PE-LiUPU
005 20250731175621.0
008 150623s1989 gw r 000 0 eng d
020 _a3438060108
035 _a(Sirsi) i9783438060105
040 _aPE-LiUPU
_bspa
_cPE-LiUPU
_erda
049 _aPRUA
100 1 _aMetzger, Bruce M.,
_eautor.
245 1 0 _aA textual commentary on the greek new testament /
_cBruce M. Metzger.
264 1 _aStuttgart, Germany :
_bUnited Bible Societies,
_c1989.
300 _a767 páginas ;
_c19 centímetros
336 _atext
_2rdacontent
337 _aunmediated
_2rdamedia
338 _avolume
_2rdacarrier
500 _aOtra ed.: 1994.
505 0 _aThe gospel according to matthew -- The Gospel according to mark -- The gospel according to luke -- The gospel according to John -- The acts of the apostles -- The letter of paul to the romans -- The first letter of paul to the corinthians.
526 _aP145
526 _aP127
526 _aP97
526 _aP35
526 _aP14
526 _aP07
650 0 4 _aGriego biblico
_xCmentarios.
942 _2ddc
_cBOOK
949 _a487.4 M56
_wDEWEY
_c1
_i44579
_lCCODEBUL1
_mBUL
_r0
_sY
_tBOOK
_u2015-6-24
_xTEOLOGIA
_zUNKNOWN
_0COMPRA
_o.STAFF. Colección General
949 _a487.4 M56
_wDEWEY
_c2
_i39397
_lCCODEBUL1
_mBUL
_r0
_sY
_tBOOK
_u2015-6-24
_xTEOLOGIA
_zUNKNOWN
_0COMPRA
_o.STAFF. Colección General
994 _aC0
_bPEPRU
596 _a1
999 _a487.4 M56
_wDEWEY
_c20132
_i44579
_d20132
_f2021-11-11
_g5
_lCCODEBUL1
_mBUL
_p28.83
_q7
_r0
_sY
_tBOOK
_u2015-6-24
_xTEOLOGIA
_PP35
_0COMPRA
_o.STAFF. Colección Teología
999 _a487.4 M56
_wDEWEY
_c2
_i39397
_d2020-1-17
_e2020-1-14
_f2021-11-11
_g5
_lCCODEBUL1
_mBUL
_n2
_p28.83
_q3
_r0
_sY
_tBOOK
_u2015-6-24
_xTEOLOGIA
_PP35
_0COMPRA
_o.STAFF. Colección Teología
980 _81
_gALBERTO SANCHEZ Responsable de Automatización